Tribunais Regionais de Trabalho

Bibliographic Details
Format: Unknown
Language:English
Published: [Brasil] : [s.n.]
Subjects:
Online Access:Acceso restringido

MARC

LEADER 00000ny a22000003n 4500
005 20110510141913.0
008 071017c19889999us mr pss 0 a0eng d
035 |a 2468 
040 |a BUS  |d vLex 
090 |c 1572  |d 1572 
245 3 0 |a Tribunais Regionais de Trabalho  |h [Recurso electrn̤ico] 
246 3 |a TRT 
256 |a Servicio en ln̕ea 
260 |a [Brasil] :  |b [s.n.] 
650 0 4 |a Sentencias  |z Brasil  |x Publicaciones perid̤icas 
650 0 4 |a Tribunales de trabajo  |z Brasil  |x Publicaciones perid̤icas 
740 0 |a vLex Revista (Servicios en ln̕ea) 
843 |a Electrn̤ica. Abierta 
853 |8 1  |i (year)  |j (month)  |k (day) 
856 4 0 |z Acceso restringido  |u http://vlex.com/account/login_ip?fuente_id=2468  
942 |c REV